The best interests of the child : (Record no. 59460)
[ view plain ]
| 000 -LEADER | |
|---|---|
| fixed length control field | 01343nam a2200313 a 4500 |
| 001 - CONTROL NUMBER | |
| control field | 59460 |
| 003 - CONTROL NUMBER IDENTIFIER | |
| rucl marc code | BD-RjUL |
| 005 - DATE AND TIME OF LATEST TRANSACTION | |
| control field | 20211209080732.0 |
| 008 - FIXED-LENGTH DATA ELEMENTS--GENERAL INFORMATION | |
| fixed length control field | 161226s1994 enk 000 0 eng |
| 020 ## - INTERNATIONAL STANDARD BOOK NUMBER | |
| International Standard Book Number | 0198259263 (acidfree paper) |
| 035 ## - SYSTEM CONTROL NUMBER | |
| System control number | (BD-RjUL)59584 |
| 040 ## - CATALOGING SOURCE | |
| Original cataloging agency | DLC |
| Transcribing agency | DLC |
| Modifying agency | DLC |
| Language of cataloging | eng |
| 041 ## - LANGUAGE CODE | |
| Language code of text/sound track or separate title | eng |
| 082 00 - DEWEY DECIMAL CLASSIFICATION NUMBER | |
| Classification number | 341.48 |
| Edition number | 23 |
| Author mark and year | BES 1994 |
| 245 04 - TITLE STATEMENT | |
| Title | The best interests of the child : |
| Remainder of title | reconciling culture and human rights / |
| Statement of responsibility, etc. | edited by Philip Alston. |
| 260 ## - PUBLICATION, DISTRIBUTION, ETC. (IMPRINT) | |
| Place of publication, distribution, etc. | Oxford : |
| Name of publisher, distributor, etc. | Clarendon Press ; |
| Place of publication, distribution, etc. | New York : |
| Name of publisher, distributor, etc. | Oxford University Press, |
| Date of publication, distribution, etc. | 1994. |
| 300 ## - PHYSICAL DESCRIPTION | |
| Pagination | xiii, 297 p. ; |
| Size | 24 cm. |
| 500 ## - GENERAL NOTE | |
| General note | "UNICEF, United Nations Children's Fund, International Child Development Centre, Florence, Italy." |
| General note | "... project conducted by UNICEF's International Child Development Centre in Florence"--P. vii. |
| 650 #0 - SUBJECT ADDED ENTRY--TOPICAL TERM | |
| Topical term or geographic name as entry element | Human rights. |
| 9 (RLIN) | 172338 |
| Topical term or geographic name as entry element | Children |
| General subdivision | Legal status, laws, etc. |
| 9 (RLIN) | 176846 |
| Topical term or geographic name as entry element | International relations and culture. |
| 9 (RLIN) | 176847 |
| 700 1# - ADDED ENTRY--PERSONAL NAME | |
| Personal name | Alston, Philip. |
| 710 2# - ADDED ENTRY--CORPORATE NAME | |
| Corporate name or jurisdiction name as entry element | UNICEF. |
| Subordinate unit | International Child Development Centre. |
| 9 (RLIN) | 176849 |
| 856 42 - ELECTRONIC LOCATION AND ACCESS | |
| Materials specified | Publisher description |
| Uniform Resource Identifier | <a href="http://www.loc.gov/catdir/enhancements/fy0636/94016383-d.html">http://www.loc.gov/catdir/enhancements/fy0636/94016383-d.html</a> |
| Materials specified | Table of contents only |
| Uniform Resource Identifier | <a href="http://www.loc.gov/catdir/enhancements/fy0636/94016383-t.html">http://www.loc.gov/catdir/enhancements/fy0636/94016383-t.html</a> |
| 942 ## - ADDED ENTRY ELEMENTS (KOHA) | |
| Source of classification or shelving scheme | Dewey Decimal Classification |
| Koha item type | Books |
| Lost status | Source of classification or shelving scheme | Damaged status | Not for loan | Collection code | Permanent Location | Current Location | Shelving location | Date acquired | Source of acquisition | Total Checkouts | Full call number | Date last seen | Copy number | Koha item type |
|---|---|---|---|---|---|---|---|---|---|---|---|---|---|---|
| Dewey Decimal Classification | Not For Loan | Non-fiction | Central Library, University of Rajshahi | Central Library, University of Rajshahi | Reading Room | 22/08/1998 | Unicef | 341.48 BES 1994 | 26/12/2016 | C-1 | Books |